| 000 | 01501nam a2200361 c 4500 | ||
|---|---|---|---|
| 003 | BLK | ||
| 005 | 20180422120723.0 | ||
| 008 | 180411b bul|||||r ||||||| ||bul|| | ||
| 010 | _aKNG00214894000 | ||
| 020 |
_a978-954-320-583-7 _bиздат.: Рива |
||
| 040 | _aBLK | ||
| 041 |
_aBUL _cBUL |
||
| 072 | 7 |
_2bullib _aН82 _xЛитературознание Н |
|
| 080 |
_aБългарска литература _b821.163.2 _x.09 _z821.163.2.09 |
||
| 100 | 1 |
_aАтанасова, Цветанка Цочева _eпърви автор _9382690 |
|
| 139 |
_aАтанасова, Цветанка Цочева _bА 93 |
||
| 245 | 1 | 0 |
_aБългарският модернизъм _cЦветанка Цочева Атанасова. |
| 257 | _aBGR | ||
| 260 |
_аСофия _bРива _c[2016] _fСофия : Дайрект сървисиз |
||
| 300 |
_a479 с. _c21 см |
||
| 380 | _a82 | ||
| 500 | _aСъдържа и за авт. - Библиогр. под линия. | ||
| 650 | 4 |
_aМодернизъм - в литературата _9284313 |
|
| 650 | 4 |
_aБългарска литература - художествен метод, направления, стилове и школи _9284314 |
|
| 653 | _aбългарска литература | ||
| 653 | _aмодернизъм | ||
| 659 | _aН | ||
| 852 | _aЦб 288505 | ||
| 856 | 4 |
_qpdf _u |
|
| 856 | 4 |
_qpdf _u |
|
| 942 |
_cKNG _n0 |
||
| 944 |
_aCR _c16.12.2017 _lф / _kВиолета_Тройчева |
||
| 944 |
_aED _c29.12.2017 _lф / _kЛюдмила_Стоянова |
||
| 999 |
_c205289 _d205289 |
||